000 00480pab a2200181 454500
008 180718b2009 xxu||||| |||| 00| 0 eng d
100 _aBarth, Jay
245 _aCommunity context, personal contact, and support for an anti-gay rights referendum
260 _c2009
300 _ap.355-65.
362 _aJun
650 _aHomophobia
700 _aHuffmon, Scott H.
700 _aOverby, L. Marvin
773 _aPolitical Research Quarterly
908 _aN
909 _a82966
999 _c82966
_d82966